Omelety - snadno a rychle

Bibliographic Details
Main Author: Kozderková, Lenka (Author)
Other Authors: Hladík, Michal (Photographer)
Format: Book
Language:Czech
PhysicalDescription:33, [3] s. 18 cm [4] s. príl.
Published: Praha V. Svojtka - Jan Vašut 1991
ISBN:8090025935
Series:Apetit

MARC

LEADER 00000nam a2200000 a 4500
001 vtls001128806
003 SK-MaSNL
005 20260301153736.0
008 250414s1991 CS 0 cze
020 |a 8090025935 
035 |a SNK000071656 
040 |a SNK  |b slo  |c SNK  |e AACR2 
041 0 |a cze 
044 |a [CS] 
080 |a 641.5(083.12)  |2 1981 
100 1 |a Kozderková, Lenka  |4 aut  |9 515636 
245 1 0 |a Omelety - snadno a rychle  |c Lenka Kozderková ; Fotogr. Michal Hladík 
260 |a Praha  |b V. Svojtka - Jan Vašut  |c 1991 
300 |a 33, [3] s.  |c 18 cm  |e [4] s. príl. 
490 0 |a Apetit 
700 1 |a Hladík, Michal  |4 pht  |9 23628 
852 |a Slovenská národná knižnica 
919 |a 80-900259-3-5 
999 |c 794284  |d 796214 
952 |t P60, <04>, [BOOK], {604}  |a SNK  |b SNK  |y VYP  |7 0  |p 17A0155134  |o snkID 91948 D1  |0 0  |1 1  |4 0  |d 1998-08-19  |l 0  |r 2005-01-01 00:00:00  |w 2026-02-24